[Event "Club 608 Online 1 - Open B (-1600)"]
[Date "2021.04.10"]
[Round "4.9"]
[White "Mecherfi, Nuêman"]
[Black "Butnaru, Dana"]
[Result "1/2-1/2"]
[BlackCountry "FRA"]
[BlackElo "1373"]
[BlackFideId "45136122"]
[Termination "time forfeit"]
[WhiteElo "1176"]

{Clock started by Black.} 1. e4 {[%clk 0:50:02.8]} e5 {[%clk 0:50:03.9]} 2. Nf3 {[%clk 0:50:10.0]} Nc6 {[%clk 0:50:07.6]} 3. Bc4 {[%clk 0:50:16.8]} Bc5 {[%clk 0:50:09.9]} 4. c3 {[%clk 0:50:23.7]} Nf6 {[%clk 0:50:09.9]} 5. d4 {[%clk 0:50:31.8]} exd4 {[%clk 0:50:13.6]} 6. cxd4 {[%clk 0:50:38.3]} Bb4+ {[%clk 0:50:19.1]} 7. Bd2 {[%clk 0:50:45.2]} Bxd2+ {[%clk 0:50:17.8]} 8. Nbxd2 {[%clk 0:50:51.8]} 0-0 {[%clk 0:50:24.2]} 9. d5 {[%clk 0:50:51.1]} Ne7 {[%clk 0:50:15.6]} 10. 0-0 {[%clk 0:49:51.4]} Re8 {[%clk 0:50:06.4]} 11. Qb3 {[%clk 0:38:32.3]} d6 {[%clk 0:46:26.8]} 12. Rfe1 {[%clk 0:37:23.6]} Ng6 {[%clk 0:45:31.6]} 13. Rac1 {[%clk 0:29:17.7]} Re7 {[%clk 0:37:57.2]} 14. Qc3 {[%clk 0:24:30.8]} Qe8 {[%clk 0:29:34.9]} 15. Bd3 {[%clk 0:17:35.8]} Bg4 {[%clk 0:24:59.3]} 16. h3 {[%clk 0:13:18.8]} Bxf3 {[%clk 0:23:41.4]} 17. Nxf3 {[%clk 0:13:25.0]} Nxe4 {[%clk 0:21:50.8]} 18. Bxe4 {[%clk 0:11:53.5]} Rxe4 {[%clk 0:21:51.7]} 19. Qxc7 {[%clk 0:11:22.7]} Rxe1+ {[%clk 0:20:21.6]} 20. Rxe1 {[%clk 0:06:55.4]} Qb5 {[%clk 0:10:49.2]} 21. Qxd6 {[%clk 0:06:31.1]} Qxb2 {[%clk 0:10:28.7]} 22. Qd7 {[%clk 0:05:43.6]} Nf8 {[%clk 0:07:50.9]} 23. Qc7 {[%clk 0:04:33.2]} Qxa2 {[%clk 0:05:46.7]} 24. Qxb7 {[%clk 0:02:49.1]} Rd8 {[%clk 0:05:45.0]} 25. Rd1 {[%clk 0:01:11.9]} Qc2 {[%clk 0:04:04.0]} 26. Ra1 {[%clk 0:01:02.8] Black offered a draw.} Rd7 {[%clk 0:03:03.5]} {White Loss on Time} 1/2-1/2

[Event "Club 608 Online 1 - Open C (-1200)"]
[Date "2021.04.10"]
[Round "4.9"]
[White "Jean Pierre, Durand"]
[Black "Liu, Oscar"]
[Result "0-1"]
[BlackElo "1009"]
[WhiteElo "1032"]

{Black stopped clock for 580 seconds. Clock started by Arbiter.} 1. d4 {[%clk 0:50:01.4]} d5 {[%clk 0:50:06.6]} 2. c4 {[%clk 0:50:06.7]} c6 {[%clk 0:50:06.2]} 3. Nc3 {[%clk 0:50:06.3]} Nf6 {[%clk 0:50:12.9]} 4. Bf4 {[%clk 0:50:06.8]} Bf5 {[%clk 0:50:14.7]} 5. e3 {[%clk 0:50:09.3]} e6 {[%clk 0:50:20.5]} 6. Nf3 {[%clk 0:50:10.2]} Bb4 {[%clk 0:50:25.2]} 7. a3 {[%clk 0:49:59.8]} Ba5 {[%clk 0:50:31.7]} 8. b4 {[%clk 0:50:05.8]} Bb6 {[%clk 0:50:39.1]} 9. c5 {[%clk 0:50:11.1]} Bc7 {[%clk 0:50:46.4]} 10. Nh4 {[%clk 0:49:59.6]} Ne4 {[%clk 0:49:34.2]} 11. Nxf5 {[%clk 0:50:01.1]} Nxc3 {[%clk 0:49:41.5]} 12. Qc2 {[%clk 0:49:49.5]} Nb5 {[%clk 0:49:29.3]} 13. Nxg7+ {[%clk 0:49:44.7]} Kf8 {[%clk 0:49:34.7]} 14. Nh5 {[%clk 0:49:39.3]} Bxf4 {[%clk 0:49:36.1]} 15. exf4 {[%clk 0:49:44.9]} Qh4 {[%clk 0:49:34.6]} 16. Be2 {[%clk 0:49:22.5]} Nxd4 {[%clk 0:49:37.4]} 17. Qd3 {[%clk 0:49:07.5]} Nxe2 {[%clk 0:48:59.0]} 18. Qxe2 {[%clk 0:49:08.5]} Qd8 {[%clk 0:48:49.9]} 19. 0-0 {[%clk 0:49:11.5]} Nd7 {[%clk 0:48:56.9]} 20. Rad1 {[%clk 0:48:49.4]} Nf6 {[%clk 0:48:53.2]} 21. Ng3 {[%clk 0:48:31.6]} Rg8 {[%clk 0:48:18.3]} 22. Qe5 {[%clk 0:48:05.1]} b6 {[%clk 0:47:36.1]} 23. f5 {[%clk 0:48:09.7]} Ng4 {[%clk 0:47:37.4]} 24. fxe6 {[%clk 0:48:00.5]} Nxe5 {[%clk 0:47:42.0]} 25. exf7 {[%clk 0:48:02.2]} Nxf7 {[%clk 0:47:48.5]} 26. Nf5 {[%clk 0:47:45.2]} Qg5 {[%clk 0:45:54.7]} 27. Ng3 {[%clk 0:47:41.4]} h5 {[%clk 0:39:50.5]} 28. f4 {[%clk 0:47:41.2]} Qg4 {[%clk 0:39:18.8]} 29. Rd3 {[%clk 0:47:41.6]} h4 {[%clk 0:38:40.0]} 30. Rdf3 {[%clk 0:47:42.8]} hxg3 {[%clk 0:37:56.7]} 31. Rxg3 {[%clk 0:47:47.2]} Qh4 {[%clk 0:37:55.9]} 32. Rff3 {[%clk 0:47:40.7]} Rxg3 {[%clk 0:37:54.2]} 33. hxg3 {[%clk 0:47:30.9]} Qh6 {[%clk 0:38:00.6]} 34. f5 {[%clk 0:47:25.1]} Ke7 {[%clk 0:37:46.9]} 35. f6+ {[%clk 0:47:25.3]} Ke6 {[%clk 0:37:48.0]} 36. g4 {[%clk 0:47:16.0]} Rh8 {[%clk 0:37:53.8]} 37. Rh3 {[%clk 0:47:14.2]} Qc1+ {[%clk 0:37:59.2]} 38. Kh2 {[%clk 0:47:19.6]} Qf4+ {[%clk 0:38:02.4]} 39. g3 {[%clk 0:47:23.0]} Qf2+ {[%clk 0:38:09.1]} 40. Kh1 {[%clk 0:47:10.4]} Rxh3# {[%clk 0:38:16.7]} 0-1

[Event "Club 608 Online 1 - Open B (-1600)"]
[Date "2021.04.10"]
[Round "4.10"]
[White "Poirier, Luc"]
[Black "Yu, Etan"]
[Result "1-0"]
[BlackElo "1009"]
[WhiteElo "1549"]

1. d4 {[%clk 0:50:10.0]} Nf6 {[%clk 0:50:08.0]} 2. Nf3 {[%clk 0:50:17.6]} g6 {[%clk 0:50:16.3]} 3. Nbd2 {[%clk 0:50:06.4]} Bg7 {[%clk 0:50:23.6]} 4. e4 {[%clk 0:50:14.9]} Nc6 {[%clk 0:50:31.1]} 5. c3 {[%clk 0:50:21.5]} d6 {[%clk 0:50:37.1]} 6. Bd3 {[%clk 0:50:28.5]} e5 {[%clk 0:50:44.1]} 7. d5 {[%clk 0:50:29.5]} Ne7 {[%clk 0:50:45.0]} 8. 0-0 {[%clk 0:50:35.8]} Bg4 {[%clk 0:50:50.2]} 9. h3 {[%clk 0:50:43.1]} Bd7 {[%clk 0:50:55.5]} 10. c4 {[%clk 0:50:47.2]} c6 {[%clk 0:50:58.3]} 11. Qe1 {[%clk 0:50:54.3]} 0-0 {[%clk 0:51:04.1]} 12. Qe2 {[%clk 0:51:00.0]} cxd5 {[%clk 0:51:07.3]} 13. cxd5 {[%clk 0:51:07.2]} Nc8 {[%clk 0:51:13.6]} 14. Nb3 {[%clk 0:51:14.4]} Nb6 {[%clk 0:51:19.6]} 15. Bg5 {[%clk 0:51:18.4]} h6 {[%clk 0:51:24.0]} 16. Be3 {[%clk 0:51:24.4]} Rc8 {[%clk 0:51:23.9]} 17. Rfc1 {[%clk 0:51:27.1]} Qe7 {[%clk 0:51:24.7]} 18. Na5 {[%clk 0:51:33.2]} Rxc1+ {[%clk 0:50:32.7]} 19. Rxc1 {[%clk 0:51:40.2]} Rb8 {[%clk 0:50:29.7]} 20. b3 {[%clk 0:51:36.1]} Nh7 {[%clk 0:49:58.1]} 21. Rc7 {[%clk 0:51:37.2]} Qf6 {[%clk 0:49:07.0]} 22. Nxb7 {[%clk 0:51:31.5]} Ng5 {[%clk 0:48:44.4]} 23. Nxg5 {[%clk 0:51:31.7]} hxg5 {[%clk 0:48:51.3]} 24. Bxb6 {[%clk 0:51:30.9]} Bxh3 {[%clk 0:48:37.9]} 25. gxh3 {[%clk 0:51:30.3]} axb6 {[%clk 0:48:28.2]} 26. Qc2 {[%clk 0:51:26.4]} Qf3 {[%clk 0:48:20.0]} 27. Kh2 {[%clk 0:51:24.6]} g4 {[%clk 0:48:15.5]} 28. hxg4 {[%clk 0:51:27.8]} Qxg4 {[%clk 0:48:22.2]} 29. Nxd6 {[%clk 0:51:35.5]} Qf4+ {[%clk 0:48:07.1]} 30. Kg2 {[%clk 0:51:37.3]} Qg4+ {[%clk 0:48:13.1]} 31. Kf1 {[%clk 0:51:44.5]} Qh3+ {[%clk 0:48:18.3]} 32. Ke1 {[%clk 0:51:48.1]} Qh1+ {[%clk 0:48:24.5]} 33. Bf1 {[%clk 0:51:55.4]} Qh6 {[%clk 0:48:10.4]} 34. Nxf7 {[%clk 0:51:58.0]} Qf4 {[%clk 0:48:08.1]} 35. Nd6 {[%clk 0:51:49.8]} Qf6 {[%clk 0:48:01.6]} 36. Rc8+ {[%clk 0:51:43.0]} Rxc8 {[%clk 0:48:04.8]} 37. Qxc8+ {[%clk 0:51:48.0]} Kh7 {[%clk 0:48:09.7]} 38. Ne8 {[%clk 0:51:43.9]} Qf4 {[%clk 0:48:09.4]} 39. Nxg7 {[%clk 0:51:45.0]} Qxe4+ {[%clk 0:48:15.7]} 40. Be2 {[%clk 0:51:50.7]} Qh1+ {[%clk 0:48:23.0]} 41. Kd2 {[%clk 0:51:36.0]} Qxd5+ {[%clk 0:48:30.2]} 42. Kc2 {[%clk 0:51:38.0]} Qe4+ {[%clk 0:48:38.1]} 43. Bd3 {[%clk 0:51:41.6]} Qd4 {[%clk 0:41:55.1]} 44. Qf8 {[%clk 0:51:04.2]} Qd5 {[%clk 0:38:51.2]} 45. Nh5 {[%clk 0:49:35.5]} Qc6+ {[%clk 0:38:51.8]} 46. Kb2 {[%clk 0:49:29.0]} Qc7 {[%clk 0:38:39.2]} 47. Nf6# {[%clk 0:49:15.2]} 1-0

[Event "Club 608 Online 1 - Open C (-1200)"]
[Date "2021.04.10"]
[Round "4.10"]
[White "Liu, Louis"]
[Black "Béranger, Louise"]
[Result "1-0"]
[BlackElo "1009"]
[WhiteElo "1009"]

1. e4 {[%clk 0:50:10.0]} e5 {[%clk 0:49:36.6]} 2. Nf3 {[%clk 0:50:15.8]} Nc6 {[%clk 0:49:40.3]} 3. Bc4 {[%clk 0:50:20.1]} Nf6 {[%clk 0:49:38.3]} 4. Ng5 {[%clk 0:50:24.3]} Bb4 {[%clk 0:49:08.1]} 5. Nxf7 {[%clk 0:50:28.1]} Rf8 {[%clk 0:48:57.1]} 6. Nxd8 {[%clk 0:50:32.7]} Nxd8 {[%clk 0:48:56.6]} 7. Nc3 {[%clk 0:50:36.8]} d6 {[%clk 0:49:03.0]} 8. 0-0 {[%clk 0:50:33.2]} Bg4 {[%clk 0:49:04.4]} 9. f3 {[%clk 0:50:37.7]} Bh5 {[%clk 0:49:05.2]} 10. Nd5 {[%clk 0:50:39.8]} Bc5+ {[%clk 0:48:40.4]} 11. Kh1 {[%clk 0:50:36.0]} Nd7 {[%clk 0:48:33.8]} 12. Nxc7+ {[%clk 0:50:40.3]} Ke7 {[%clk 0:48:09.6]} 13. Nxa8 {[%clk 0:50:43.1]} Nc6 {[%clk 0:47:05.8]} 14. d3 {[%clk 0:48:56.8]} Rxa8 {[%clk 0:47:10.2]} 15. Bg5+ {[%clk 0:49:00.3]} Kf8 {[%clk 0:47:11.4]} 16. Bb5 {[%clk 0:48:42.2]} a6 {[%clk 0:47:13.1]} 17. Bxc6 {[%clk 0:48:33.8]} bxc6 {[%clk 0:47:19.2]} 18. g4 {[%clk 0:47:44.7]} Bf7 {[%clk 0:46:26.0]} 19. f4 {[%clk 0:45:36.8]} h6 {[%clk 0:46:06.1]} 20. Bh4 {[%clk 0:45:14.0]} Rb8 {[%clk 0:45:00.5]} 21. fxe5 {[%clk 0:45:15.2]} Nxe5 {[%clk 0:44:59.1]} 22. d4 {[%clk 0:45:04.2]} Bxd4 {[%clk 0:43:55.4]} 23. Qxd4 {[%clk 0:45:07.6]} Rb5 {[%clk 0:44:01.5]} 24. Qxd6+ {[%clk 0:43:20.7]} Kg8 {[%clk 0:43:56.6]} 25. Qd8+ {[%clk 0:43:02.9]} Kh7 {[%clk 0:43:51.0]} 26. Qf8 {[%clk 0:42:13.6]} Rxb2 {[%clk 0:43:38.3]} 27. Rxf7 {[%clk 0:39:50.3]} Rxc2 {[%clk 0:43:37.6]} 28. Qxg7# {[%clk 0:39:51.3]} 1-0

[Event "Club 608 Online 1 - Open B (-1600)"]
[Date "2021.04.10"]
[Round "4.11"]
[White "Remtoula, Naushad"]
[Black "Suffert, Martin"]
[Result "0-1"]
[BlackElo "1226"]
[WhiteElo "1126"]

1. e4 {[%clk 0:50:10.0]} d5 {[%clk 0:50:07.7]} 2. Nc3 {[%clk 0:49:45.7]} d4 {[%clk 0:50:11.6]} 3. Nce2 {[%clk 0:49:47.2]} e5 {[%clk 0:50:18.5]} 4. Nf3 {[%clk 0:47:22.7]} Bd6 {[%clk 0:50:10.6]} 5. Ng3 {[%clk 0:46:40.2]} Nf6 {[%clk 0:49:54.2]} 6. Bc4 {[%clk 0:46:04.1]} Bg4 {[%clk 0:49:16.5]} 7. h3 {[%clk 0:44:05.3]} Bd7 {[%clk 0:48:46.5]} 8. Nf5 {[%clk 0:38:05.8]} Bxf5 {[%clk 0:48:07.7]} 9. exf5 {[%clk 0:38:08.8]} Nc6 {[%clk 0:47:46.2]} 10. Bxf7+ {[%clk 0:33:56.8]} Kxf7 {[%clk 0:42:29.7]} 11. Ng5+ {[%clk 0:33:52.2]} Kg8 {[%clk 0:41:16.4]} 12. Ne6 {[%clk 0:33:22.8]} Qe7 {[%clk 0:40:37.4]} 13. Qf3 {[%clk 0:31:10.2]} Kf7 {[%clk 0:37:24.5]} 14. Qb3 {[%clk 0:27:04.8]} Rac8 {[%clk 0:30:12.0]} 15. g4 {[%clk 0:20:42.7]} Ke8 {[%clk 0:27:37.3]} 16. d3 {[%clk 0:13:30.4]} Qf7 {[%clk 0:23:24.8]} 17. Qxb7 {[%clk 0:11:03.8]} Kd7 {[%clk 0:22:02.3]} 18. Qb3 {[%clk 0:07:31.6]} Rb8 {[%clk 0:19:15.3]} 19. Nc5+ {[%clk 0:06:18.6]} Ke7 {[%clk 0:17:29.3]} 20. Qxf7+ {[%clk 0:05:30.0]} Kxf7 {[%clk 0:17:30.4]} 21. Ne6 {[%clk 0:05:00.2]} Bb4+ {[%clk 0:17:15.7]} 22. Ke2 {[%clk 0:04:30.7]} Bd6 {[%clk 0:17:07.0]} 23. b3 {[%clk 0:02:59.2]} h6 {[%clk 0:17:01.2]} 24. a4 {[%clk 0:02:00.8]} Nd8 {[%clk 0:16:47.9]} 25. g5 {[%clk 0:01:36.3]} hxg5 {[%clk 0:16:04.0]} 26. Nxg5+ {[%clk 0:01:35.1]} Ke7 {[%clk 0:15:00.3]} 27. Ne4 {[%clk 0:01:38.3]} Nxe4 {[%clk 0:14:52.3]} 28. dxe4 {[%clk 0:01:43.8]} Nc6 {[%clk 0:14:33.1]} 29. Bg5+ {[%clk 0:01:48.9]} Kf7 {[%clk 0:14:32.1]} 30. h4 {[%clk 0:01:35.9]} Nb4 {[%clk 0:14:16.9]} 31. Kd2 {[%clk 0:01:41.0]} Na6 {[%clk 0:13:56.5]} 32. Rh3 {[%clk 0:01:17.6]} Nc5 {[%clk 0:13:41.9]} 33. f3 {[%clk 0:01:21.2]} Rxb3 {[%clk 0:10:28.0]} 34. cxb3 {[%clk 0:00:35.7]} Nxb3+ {[%clk 0:10:33.5]} 35. Kc2 {[%clk 0:00:38.1]} Nxa1+ {[%clk 0:10:40.2]} 36. Kb2 {[%clk 0:00:45.0]} c5 {[%clk 0:09:57.2]} 37. Kxa1 {[%clk 0:00:51.6]} c4 {[%clk 0:09:50.4]} 38. h5 {[%clk 0:00:48.7]} c3 {[%clk 0:09:35.8]} 39. Bc1 {[%clk 0:00:29.7]} Be7 {[%clk 0:09:04.5]} 40. h6 {[%clk 0:00:19.2]} gxh6 {[%clk 0:09:06.6]} 41. Bxh6 {[%clk 0:00:21.2]} Bf8 {[%clk 0:08:57.6]} 42. f6 {[%clk 0:00:17.7]} Rxh6 {[%clk 0:08:58.5]} 43. Rg3 {[%clk 0:00:22.0]} Rxf6 {[%clk 0:08:57.0]} 44. f4 {[%clk 0:00:23.1]} Rxf4 {[%clk 0:08:53.0]} 45. Rh3 {[%clk 0:00:26.5]} Rxe4 {[%clk 0:08:55.2]} 46. Rh7+ {[%clk 0:00:32.5]} Bg7 {[%clk 0:09:03.9]} 47. Rh5 {[%clk 0:00:33.8]} d3 {[%clk 0:08:59.2]} 48. Rf5+ {[%clk 0:00:41.4]} Ke6 {[%clk 0:08:58.8]} 49. Rg5 {[%clk 0:00:35.4]} Rxa4+ {[%clk 0:09:02.2]} {White Resigned} 0-1

[Event "Club 608 Online 1 - Open C (-1200)"]
[Date "2021.04.10"]
[Round "4.11"]
[White "Tran Hong Dat, Phan"]
[Black "Migus, Benjamin"]
[Result "1/2-1/2"]
[BlackElo "1009"]
[WhiteElo "1009"]

1. e4 {[%clk 0:50:10.0]} e5 {[%clk 0:50:06.4]} 2. Nf3 {[%clk 0:50:16.7]} Nc6 {[%clk 0:50:09.8]} 3. Bc4 {[%clk 0:50:21.7]} Nf6 {[%clk 0:49:53.8]} 4. Ng5 {[%clk 0:50:24.7]} d5 {[%clk 0:49:58.0]} 5. exd5 {[%clk 0:50:30.6]} Na5 {[%clk 0:49:55.1]} 6. d3 {[%clk 0:50:34.6]} Nxc4 {[%clk 0:49:38.3]} 7. dxc4 {[%clk 0:50:39.5]} Bg4 {[%clk 0:49:33.6]} 8. Nf3 {[%clk 0:50:40.3]} Nh5 {[%clk 0:49:19.8]} 9. 0-0 {[%clk 0:50:40.4]} Qf6 {[%clk 0:49:16.6]} 10. Bg5 {[%clk 0:50:43.4]} Bxf3 {[%clk 0:49:16.7]} 11. Bxf6 {[%clk 0:50:46.7]} Bxd1 {[%clk 0:49:17.1]} 12. Rxd1 {[%clk 0:50:53.1]} Nxf6 {[%clk 0:49:22.3]} 13. Nc3 {[%clk 0:50:59.4]} 0-0-0 {[%clk 0:49:25.3]} 14. Rd2 {[%clk 0:50:59.3]} Bb4 {[%clk 0:49:20.0]} 15. a3 {[%clk 0:51:04.6]} Bxc3 {[%clk 0:49:24.9]} 16. bxc3 {[%clk 0:51:11.7]} Ne4 {[%clk 0:49:31.5]} 17. Re2 {[%clk 0:51:14.7]} Nxc3 {[%clk 0:49:37.5]} 18. Ree1 {[%clk 0:51:14.4]} Rhe8 {[%clk 0:49:06.9]} 19. a4 {[%clk 0:51:07.3]} e4 {[%clk 0:48:59.8]} 20. a5 {[%clk 0:51:02.6]} e3 {[%clk 0:48:31.2]} 21. fxe3 {[%clk 0:51:06.4]} Ne4 {[%clk 0:48:36.9]} 22. Ra3 {[%clk 0:50:48.3]} Nc5 {[%clk 0:48:34.6]} 23. Rf1 {[%clk 0:50:42.0]} Re4 {[%clk 0:48:27.9]} 24. Rxf7 {[%clk 0:50:40.3]} Rg8 {[%clk 0:48:16.8]} 25. h3 {[%clk 0:50:34.4]} Rxc4 {[%clk 0:48:20.0]} 26. Ra2 {[%clk 0:50:37.4]} Rb4 {[%clk 0:47:40.9]} 27. c3 {[%clk 0:50:34.2]} Ra4 {[%clk 0:47:35.5]} 28. Rb2 {[%clk 0:50:31.6]} Rxa5 {[%clk 0:47:33.0]} 29. c4 {[%clk 0:50:29.8]} Nd3 {[%clk 0:47:31.0]} 30. Rd2 {[%clk 0:50:30.5]} Ra1+ {[%clk 0:47:20.1]} 31. Kh2 {[%clk 0:50:32.9]} Ra3 {[%clk 0:46:48.0]} 32. e4 {[%clk 0:50:31.6]} Ne5 {[%clk 0:46:44.1]} 33. Re7 {[%clk 0:50:14.9]} Nxc4 {[%clk 0:46:47.7]} 34. Rc2 {[%clk 0:50:19.1]} Ne3 {[%clk 0:46:24.7]} 35. Rc5 {[%clk 0:49:29.3]} Nf1+ {[%clk 0:46:07.4]} 36. Kg1 {[%clk 0:49:33.4]} Kd8 {[%clk 0:45:43.8]} 37. Rexc7 {[%clk 0:49:32.0]} b6 {[%clk 0:45:15.4]} 38. R5c6 {[%clk 0:49:31.1]} Re8 {[%clk 0:44:59.9]} 39. Kxf1 {[%clk 0:49:32.0]} Rxe4 {[%clk 0:44:59.6]} 40. d6 {[%clk 0:49:14.8]} Rd4 {[%clk 0:45:02.2]} 41. Kg1 {[%clk 0:49:19.6]} Rxd6 {[%clk 0:44:55.8]} 42. Rxd6+ {[%clk 0:49:23.1]} Kxc7 {[%clk 0:45:03.1]} 43. Re6 {[%clk 0:49:27.3]} Ra1+ {[%clk 0:44:57.3]} 44. Kh2 {[%clk 0:49:34.4]} Kd8 {[%clk 0:45:01.9]} 45. Rd6+ {[%clk 0:49:37.8]} Ke7 {[%clk 0:45:07.0]} 46. Rc6 {[%clk 0:49:44.4]} Ra3 {[%clk 0:45:11.4]} 47. Rc7+ {[%clk 0:49:46.3]} Kd6 {[%clk 0:45:14.1]} 48. Rxg7 {[%clk 0:49:53.3]} h5 {[%clk 0:45:14.2]} 49. Rh7 {[%clk 0:49:58.1]} Ra5 {[%clk 0:45:16.2]} 50. g3 {[%clk 0:50:02.1]} Re5 {[%clk 0:45:10.8]} 51. g4 {[%clk 0:50:03.1]} hxg4 {[%clk 0:45:11.8]} 52. hxg4 {[%clk 0:50:10.1]} Rg5 {[%clk 0:44:46.7]} 53. Kg3 {[%clk 0:50:13.9]} Ke5 {[%clk 0:44:52.4]} 54. Rxa7 {[%clk 0:50:18.0]} Ke4 {[%clk 0:44:50.9]} 55. Ra4+ {[%clk 0:50:22.7]} Ke5 {[%clk 0:44:54.6]} 56. Ra6 {[%clk 0:50:28.6]} b5 {[%clk 0:45:00.3]} 57. Ra5 {[%clk 0:50:34.5]} Ke4 {[%clk 0:45:07.3]} 58. Ra1 {[%clk 0:50:36.5]} Kd4 {[%clk 0:45:07.8]} 59. Rd1+ {[%clk 0:50:43.2]} Kc4 {[%clk 0:45:12.6]} 60. Rc1+ {[%clk 0:50:50.5]} Kb4 {[%clk 0:45:19.8]} 61. Rb1+ {[%clk 0:50:58.2]} Kc4 {[%clk 0:45:23.6]} 62. Rc1+ {[%clk 0:51:06.1]} Kb3 {[%clk 0:45:29.0]} 63. Rb1+ {[%clk 0:51:14.0]} Ka4 {[%clk 0:45:30.3]} 64. Ra1+ {[%clk 0:51:21.8]} Kb4 {[%clk 0:45:31.9]} 65. Rb1+ {[%clk 0:51:29.2]} Kc4 {[%clk 0:45:38.8]} 66. Rc1+ {[%clk 0:51:36.7]} {Draw by Repetition} 1/2-1/2

[Event "Club 608 Online 1 - Open C (-1200)"]
[Date "2021.04.10"]
[Round "4.12"]
[White "Dergham, Leo"]
[Black "Pinçon, Pierrot"]
[Result "0-1"]
[BlackElo "1009"]
[WhiteElo "1009"]

{Clock started by White.} 1. e4 {[%clk 0:50:07.0]} e5 {[%clk 0:50:04.6]} 2. Nf3 {[%clk 0:50:14.6]} Bd6 {[%clk 0:50:11.1]} 3. Nc3 {[%clk 0:50:22.1]} Nc6 {[%clk 0:50:11.6]} 4. Bc4 {[%clk 0:50:24.8]} h5 {[%clk 0:49:08.4]} 5. d3 {[%clk 0:50:30.8]} Qf6 {[%clk 0:49:04.1]} 6. Bd2 {[%clk 0:50:22.2]} Nge7 {[%clk 0:49:05.8]} 7. Qe2 {[%clk 0:50:26.9]} Bc5 {[%clk 0:48:59.0]} 8. 0-0-0 {[%clk 0:50:31.5]} Nb4 {[%clk 0:48:56.9]} 9. Na4 {[%clk 0:50:34.5]} d5 {[%clk 0:48:58.6]} 10. exd5 {[%clk 0:50:41.5]} Bd6 {[%clk 0:48:45.4]} 11. Ng5 {[%clk 0:50:35.0]} Rh6 {[%clk 0:48:45.1]} 12. Ne4 {[%clk 0:50:38.6]} Qg6 {[%clk 0:48:15.4]} 13. Bxh6 {[%clk 0:50:35.2]} Qxh6+ {[%clk 0:48:16.6]} 14. Nd2 {[%clk 0:50:29.9]} Nf5 {[%clk 0:48:06.3]} 15. c3 {[%clk 0:50:36.2]} Na6 {[%clk 0:48:00.0]} 16. Bxa6 {[%clk 0:50:33.5]} bxa6 {[%clk 0:48:06.9]} 17. g4 {[%clk 0:50:24.1]} hxg4 {[%clk 0:48:11.9]} 18. Qxg4 {[%clk 0:50:30.2]} Ne3 {[%clk 0:48:18.0]} 19. Qf3 {[%clk 0:50:33.1]} Nxd1 {[%clk 0:48:24.8]} 20. Rxd1 {[%clk 0:50:37.2]} Qxh2 {[%clk 0:47:30.1]} 21. Nf1 {[%clk 0:50:30.6]} Qh6+ {[%clk 0:47:22.8]} 22. Rd2 {[%clk 0:50:33.3]} e4 {[%clk 0:47:24.3]} 23. dxe4 {[%clk 0:50:38.4]} Bf4 {[%clk 0:47:31.7]} 24. Ne3 {[%clk 0:50:43.4]} Bxe3 {[%clk 0:47:24.8]} 25. fxe3 {[%clk 0:50:50.5]} Qg6 {[%clk 0:47:20.8]} 26. Rg2 {[%clk 0:50:55.2]} Qd6 {[%clk 0:47:16.9]} 27. c4 {[%clk 0:50:45.4]} Bd7 {[%clk 0:47:17.6]} 28. c5 {[%clk 0:50:45.1]} Qe5 {[%clk 0:47:14.7]} 29. Qf1 {[%clk 0:50:04.7]} Bxa4 {[%clk 0:47:13.3]} 30. Qh1 {[%clk 0:50:10.9]} Ke7 {[%clk 0:47:16.9]} 31. Qh4+ {[%clk 0:50:14.8]} Kf8 {[%clk 0:46:59.3]} 32. Qh8+ {[%clk 0:50:13.0]} Ke7 {[%clk 0:47:04.9]} 33. Qxa8 {[%clk 0:50:19.3]} Qxe4 {[%clk 0:47:03.2]} 34. Rxg7 {[%clk 0:50:18.7]} Qxe3+ {[%clk 0:47:06.2]} 35. Kb1 {[%clk 0:50:10.6]} Qe1# {[%clk 0:47:12.6]} 0-1

[Event "Club 608 Online 1 - Open B (-1600)"]
[Date "2021.04.10"]
[Round "4.13"]
[White "Nicot, Valentin"]
[Black "Peignien, Laurent"]
[Result "1-0"]
[BlackElo "1250"]
[WhiteElo "1041"]

1. e4 {[%clk 0:50:10.0]} e6 {[%clk 0:49:44.9]} 2. d4 {[%clk 0:50:08.5]} d5 {[%clk 0:49:51.0]} 3. Nc3 {[%clk 0:49:59.0]} Nf6 {[%clk 0:49:38.8]} 4. e5 {[%clk 0:49:44.4]} Nfd7 {[%clk 0:49:44.8]} 5. f4 {[%clk 0:49:37.8]} c5 {[%clk 0:49:49.1]} 6. Nf3 {[%clk 0:49:30.3]} cxd4 {[%clk 0:49:41.0]} 7. Nxd4 {[%clk 0:49:29.5]} a6 {[%clk 0:49:40.3]} 8. Be3 {[%clk 0:49:26.9]} Be7 {[%clk 0:49:08.1]} 9. Bd3 {[%clk 0:48:46.4]} Nc5 {[%clk 0:48:54.8]} 10. 0-0 {[%clk 0:48:27.3]} Nxd3 {[%clk 0:48:57.0]} 11. Qxd3 {[%clk 0:48:30.7]} Bd7 {[%clk 0:48:31.9]} 12. Rf3 {[%clk 0:47:26.0]} Nc6 {[%clk 0:47:39.1]} 13. Rg3 {[%clk 0:46:54.0]} g6 {[%clk 0:44:37.9]} 14. Nxc6 {[%clk 0:42:56.4]} Bxc6 {[%clk 0:43:31.8]} 15. Qd4 {[%clk 0:41:56.0]} 0-0 {[%clk 0:42:24.8]} 16. Rf1 {[%clk 0:40:55.4]} Qc7 {[%clk 0:40:58.9]} 17. f5 {[%clk 0:39:18.9]} exf5 {[%clk 0:39:05.8]} 18. Bh6 {[%clk 0:38:19.7]} Rfd8 {[%clk 0:38:54.9]} 19. Rxf5 {[%clk 0:37:59.6]} Bd7 {[%clk 0:38:39.7]} 20. Qf4 {[%clk 0:37:42.8]} Bxf5 {[%clk 0:38:25.2]} 21. Qxf5 {[%clk 0:37:16.4]} Qd7 {[%clk 0:36:09.3]} 22. Qf4 {[%clk 0:37:06.3]} Qe6 {[%clk 0:36:00.3]} 23. Rf3 {[%clk 0:35:42.8]} Bf8 {[%clk 0:31:42.4]} 24. Bg5 {[%clk 0:35:40.1]} Rd7 {[%clk 0:31:47.1]} 25. Kh1 {[%clk 0:35:28.0]} Bg7 {[%clk 0:31:42.3]} 26. Bf6 {[%clk 0:35:00.8]} Re8 {[%clk 0:30:58.4]} 27. h3 {[%clk 0:34:18.9]} Bxf6 {[%clk 0:30:49.0]} 28. exf6 {[%clk 0:34:20.5]} Qe5 {[%clk 0:30:46.3]} 29. Qh6 {[%clk 0:34:04.3]} Qxf6 {[%clk 0:30:33.4]} 30. Rxf6 {[%clk 0:34:11.4]} Re1+ {[%clk 0:30:27.7]} 31. Kh2 {[%clk 0:34:19.0]} Rde7 {[%clk 0:30:34.0]} 32. Nxd5 {[%clk 0:34:22.4]} Rd7 {[%clk 0:30:30.0]} 33. Nb6 {[%clk 0:34:11.8]} Rd2 {[%clk 0:30:35.9]} 34. Qxd2 {[%clk 0:34:19.4]} {Black Resigned} 1-0

[Event "Club 608 Online 1 - Open C (-1200)"]
[Date "2021.04.10"]
[Round "4.13"]
[White "Pinçon, Lili"]
[Black "Decaure--Gonzalez, Rodrigue"]
[Result "0-1"]
[BlackElo "1009"]
[WhiteElo "1009"]

{Clock started by Black.} 1. Nc3 {[%clk 0:48:43.1]} e5 {[%clk 0:48:22.9]} 2. d3 {[%clk 0:48:42.0]} Bc5 {[%clk 0:45:32.5]} 3. Be3 {[%clk 0:48:37.2]} Bxe3 {[%clk 0:44:59.0]} 4. fxe3 {[%clk 0:48:38.2]} Nf6 {[%clk 0:44:55.6]} 5. Qd2 {[%clk 0:48:44.3]} d5 {[%clk 0:44:51.6]} 6. 0-0-0 {[%clk 0:48:45.9]} 0-0 {[%clk 0:44:52.7]} 7. d4 {[%clk 0:48:53.8]} e4 {[%clk 0:44:17.9]} 8. Nf3 {[%clk 0:48:48.7]} exf3 {[%clk 0:43:06.0]} 9. gxf3 {[%clk 0:48:51.3]} Nc6 {[%clk 0:42:55.8]} 10. Bh3 {[%clk 0:48:57.9]} Bxh3 {[%clk 0:43:00.3]} 11. Rhf1 {[%clk 0:49:01.3]} Bxf1 {[%clk 0:42:47.2]} 12. Rxf1 {[%clk 0:49:07.5]} Qe7 {[%clk 0:42:41.9]} 13. e4 {[%clk 0:49:08.8]} dxe4 {[%clk 0:42:43.1]} 14. fxe4 {[%clk 0:49:13.9]} Nxe4 {[%clk 0:42:49.7]} 15. Nd1 {[%clk 0:49:18.5]} Nxd2 {[%clk 0:42:56.8]} 16. d5 {[%clk 0:49:22.0]} Nxf1 {[%clk 0:42:52.5]} 17. Kb1 {[%clk 0:49:27.6]} Qxe2 {[%clk 0:42:56.2]} 18. a3 {[%clk 0:49:31.4]} Qxd1+ {[%clk 0:43:01.8]} 19. Ka2 {[%clk 0:49:37.0]} Qxd5+ {[%clk 0:43:09.7]} 20. Kb1 {[%clk 0:49:44.2]} Rfe8 {[%clk 0:43:18.1]} 21. b3 {[%clk 0:49:49.3]} Nd2+ {[%clk 0:43:20.8]} 22. Kb2 {[%clk 0:49:55.3]} Qd4+ {[%clk 0:43:28.6]} 23. c3 {[%clk 0:50:00.2]} Qf2 {[%clk 0:43:25.0]} 24. a4 {[%clk 0:50:07.3]} Nc4+ {[%clk 0:43:32.0]} 25. Ka1 {[%clk 0:49:57.7]} Re1# {[%clk 0:43:39.7]} 0-1